000 aam a22 a 4500
999 _c322973
_d322973
003 BLK
005 20201007040438.0
008 181011b bu ||||| |||| 00| 0 bu d
020 _a978-954-28-2030-7
040 _aBLK
041 _cBUL
_aBUL
080 _aБългарска литература
_b821.163.2
_x-312.4
_z821.163.2-312.4
100 _aСвеженов, Йордан
_eпърви автор
_91299
139 _aСвеженов, Йордан
_bС 25
245 _aПоследната олимпиада
_cЙордан Свеженов
260 _bСиела
_c2016
_aСофия
300 _a272 с.
_c20 см
380 _aX
942 _cKNG
_2udc
_n0
_01
999 _d322973